| 000 | 00708nam a2200217 u 4500 | ||
|---|---|---|---|
| 005 | 20240912063836.0 | ||
| 008 | 111004s2006 ag r 000 0 spa d | ||
| 020 | _a9870403867 (10 dígitos) | ||
| 020 | _a9789870403869 (13 dígitos) | ||
| 035 | _aUPN01000182032 | ||
| 049 | _aI | ||
| 050 | 4 |
_aPZ76.3 _bK4.8 |
|
| 100 | 1 |
_aKeselman, Gabriela, _d1953- _931735 |
|
| 245 | 1 | 3 |
_aLa siesta de papá elefante / _cGabriela Keselman ; il. de Claudia Bielinsky. |
| 260 |
_aBuenos Aires : _bAlfaguara, _cc2006. |
||
| 300 |
_a25 p. : _bil. col. |
||
| 440 | 0 |
_aAlfaguara infantil. _pDesde 4 años |
|
| 650 | 0 |
_aAnimales _vCuentos y leyendas _9234 |
|
| 650 | 4 |
_aCuentos infantiles argentinos _97466 |
|
| 905 | _aInfantil | ||
| 999 |
_c154135 _d154135 |
||